Průvodce předmětem Matematika I. Úlohy z logiky, teorie množin a ze základů matematické analýzy /

Hlavní autor: Cabrnochová, Renáta
Korporativní autor: Univerzita Pardubice. Ústav matematiky
Další autoři: Prachař, Otakar, 1931-2014
Jazyk: Čeština
Vydáno: Pardubice : Univerzita Pardubice, 2001
Vydání: Vyd. 1.
Témata:
Fyzický popis: 259 s. ; 29 cm
Knihy
Uloženo v:
LEADER 01821nam a2200445 a 4500
001 000594676
003 CZ BrMZK
005 20211125091951.0
007 ta
008 020411s2001 xr e p cze d
015 |a cnb001094101 
020 |a 80-7194-416-5 
040 |a BOA001  |b cze 
072 7 |a 51  |x Matematika  |2 Konspekt  |9 13 
072 7 |a 37.016  |x Učební osnovy. Vyučovací předměty. Učebnice  |2 Konspekt  |9 22 
080 |a 51  |2 MRF 
080 |a 16  |2 MRF 
080 |a 510.22  |2 MRF 
080 |a 517  |2 MRF 
080 |a (075.8)  |2 MRF 
100 1 |a Cabrnochová, Renáta  |7 ola2002113235  |4 aut 
245 1 0 |a Průvodce předmětem Matematika I.  |p Úlohy z logiky, teorie množin a ze základů matematické analýzy /  |c Renáta Cabrnochová, Otakar Prachař 
246 3 |a Průvodce předmětem matematika 
246 3 0 |a Úlohy z logiky, teorie množin a ze základů matematické analýzy 
250 |a Vyd. 1. 
260 |a Pardubice :  |b Univerzita Pardubice,  |c 2001 
300 |a 259 s. ;  |c 29 cm 
500 |a Nad názvem: Univerzita Pardubice, Fakulta ekonomicko-správní, Ústav matematiky 
500 |a První část Průvodce předmětem Matematika (1. a 2. studijní jednotka) 
521 |a Určeno pro posluchače Univerzity Pardubice 
650 0 7 |a matematika  |7 ph117231  |x úlohy  |2 czenas 
650 0 7 |a logika  |7 ph122436  |x úlohy  |2 czenas 
650 0 7 |a teorie množin  |7 ph126563  |x úlohy  |2 czenas 
650 0 7 |a matematická analýza  |7 ph115238  |x úlohy  |2 czenas 
655 7 |a učebnice vysokých škol  |7 fd133772  |2 czenas 
700 1 |a Prachař, Otakar,  |d 1931-2014  |7 jk01100894  |4 aut 
710 2 |a Univerzita Pardubice.  |b Ústav matematiky  |7 ko2002106693 
910 |a BOA001  |b 3-1100.816 
990 |a BK 
996 6 |b 2610158747  |c 3-1100.816  |l MZK  |r Sklad / do 1 hodiny  |n 0  |p p.v.  |w 000594676  |u 000010  |a 1  |e BOA001  |j MZK50  |s P